00468nam a2200169Ia 450000500170000000800410001704000190005804100120007708200160008910000270010524500420013226000520017430000150022650400190024165000280026085000100028820221125110711.0131103s9999 xx 000 0 und d aLoreto College aEnglish a954.01bUPA aUpadhyaya,Ganga Prasad aVedic CulturecGanga Prasad Upadhyaya aDelhibSarvadeshika Arya Pratinidhi Sashac1949 aii,216 p.  aIncludes index aHistory - Ancient India aLCLIB